Bệnh loãng xương ở người cao tuổi Tài liệu giảng dạy sau đại học

সংরক্ষণ করুন:
গ্রন্থ-পঞ্জীর বিবরন
প্রধান লেখক: Trần Đức Thọ
বিন্যাস: গ্রন্থ
প্রকাশিত: H. Y học 1999
সংস্করন:Tái bản làn thứ 1
বিষয়গুলি:
ট্যাগগুলো: ট্যাগ যুক্ত করুন
কোনো ট্যাগ নেই, প্রথমজন হিসাবে ট্যাগ করুন!
Thư viện lưu trữ: Trung tâm Học liệu Lê Vũ Hùng, Trường Đại học Đồng Tháp
LEADER 00768pam a22002178a 4500
001 00000303
005 20171026081022.0
008 110318s1999 ||||||Viesd
041 0 # |a Vie 
082 1 4 |a 616.7  |b B256L 
100 0 # |a Trần Đức Thọ 
245 0 0 |a Bệnh loãng xương ở người cao tuổi  |b Tài liệu giảng dạy sau đại học  |c Trần Đức Thọ 
250 # # |a Tái bản làn thứ 1 
260 # # |a H.  |b Y học  |c 1999 
300 # # |a 80 tr.  |c 19 cm. 
500 # # |a Viện lão khoa 
653 # # |a Bệnh loãng xương  |a Người già 
852 # # |b Kho đọc  |j KD.0000514 
852 # # |j KD.0000514 
910 |d 18/03/2011 
980 # # |a Trung tâm Học liệu Lê Vũ Hùng, Trường Đại học Đồng Tháp